00343pab a2200133 454500008004000000100002100040245004800061260000900109300001400118362000800132650001500140650001800155773003600173180718b2005 xxu||||| |||| 00| 0 eng d aSchneewind, J.B. aGlobalization and the history of philosophy c2005 ap.169-78. aApr aPhilosophy aGlobalization aJournal of the History of Ideas